|
|
|
|
| LEADER |
00000nam a2200000 a 4500 |
| 001 |
vtls001464627 |
| 003 |
SK-MaSNL |
| 005 |
20260301014302.0 |
| 008 |
031203s2002 xr a r 0 cze |
| 020 |
|
|
|a 8023883178
|
| 035 |
|
|
|a SNK000419932
|
| 040 |
|
|
|a SNK
|b slo
|c SNK
|e AACR2
|
| 043 |
|
|
|a e-xr---
|
| 044 |
|
|
|a CZ
|
| 072 |
|
7 |
|a 929.5/.9
|x Genealógia. Heraldika. Šľachta. Vlajky
|2 konspekt
|
| 080 |
|
|
|a 929.5
|2 1981
|
| 080 |
|
|
|a 929.6
|2 1981
|
| 080 |
|
|
|a (437.3)
|2 1981
|
| 080 |
|
|
|a (063)
|2 1981
|
| 111 |
1 |
|
|a Genealogia ac heraldika Bohemica
|c Nečtiny, Česko
|d 2001
|9 302309
|
| 245 |
1 |
|
|a Genealogia ac heraldica Bohemica
|b sborník příspěvků z odborné konference pořádané Českou genealogickou a heraldickou společností v Praze ve dnech 28.-29. 4. 2001 na zámku Nečtiny
|c [uspořádal Marek Starý]
|
| 260 |
|
|
|a Praha
|b Česká genealogická a heraldická společnost
|c 2002
|
| 300 |
|
|
|a 126 s., [8] s. fareb. obr. príl.
|b fotogr., sch., tab.
|c 21 cm
|
| 650 |
0 |
7 |
|a genealógia
|z Česko
|2 SNK
|9 302310
|
| 650 |
0 |
7 |
|a heraldika
|z Česko
|2 SNK
|9 302311
|
| 655 |
|
7 |
|a zbierky
|2 SNK
|9 70533
|
| 655 |
|
7 |
|a zborníky konferencií
|2 SNK
|9 70153
|
| 700 |
1 |
|
|a Starý, Marek
|d 1974-
|4 zos
|9 302312
|
| 919 |
|
|
|a 80-238-8317-8
|
| 999 |
|
|
|c 558293
|d 560223
|
| 952 |
|
|
|t snkGEN 929.5
|a SNKUST
|b SNKUST
|y PREZ
|7 0
|p 17A0405331
|o snkIC 130971
|i snkD 1329/2003
|0 0
|1 0
|4 0
|d 2003-12-03
|l 0
|r 2025-05-29 00:00:00
|w 2026-02-23
|